| 000 | 00575cam a22002171 4500 | ||
|---|---|---|---|
| 001 | sa 66005612 | ||
| 003 | DLC | ||
| 005 | 20260227112250.0 | ||
| 008 | 890628s1965 ii 000 0 kano | ||
| 010 | _asa 66005612 | ||
| 035 | _a(OCoLC)19945272 | ||
| 040 |
_aDLC _cWaU _dDLC |
||
| 042 | _apremarc | ||
| 050 | 0 | 0 |
_aDS485.C24 _bG6 |
| 100 | 1 |
_aGopal, B. R. _q(Balakrishnan Raja), _d1930-1997. |
|
| 245 | 1 | 0 | _aKannaḍa nādiṇa aitihāsika mahāpuruṣaru. |
| 260 | _c1965. | ||
| 300 |
_a64 p. _c16 cm. |
||
| 500 | _aIn Kannada. | ||
| 650 | 0 |
_aCornatic _xKings and rulers. |
|
| 999 |
_c70045 _d70045 |
||